| 000 | 00751nam a2200253 4500 | ||
|---|---|---|---|
| 003 | OSt | ||
| 005 | 20260601193527.0 | ||
| 008 | 260505b2001 mx a|||| |||| 00| 0 spa d | ||
| 020 | _a9701030273 | ||
| 020 | _a2880463947 | ||
| 040 |
_aICI _bspa _cIC |
||
| 041 | _aspa | ||
| 050 | 4 |
_aTS171 _bG74718 |
|
| 245 | 1 |
_aEl gran libro del diseño de productos / _c traduccion de Luis Hector Esqueda Huerta |
|
| 264 |
_aMéxico: _bMcGraw- Hill, _c2001 |
||
| 300 |
_a191 páginas : _bilustraciones |
||
| 336 |
_atexto _2rdacontent |
||
| 337 |
_asin medio _2rdamedia |
||
| 338 |
_avolumen _2rdacarrier |
||
| 490 | 0 | _aMastercraft series | |
| 650 |
_aDiseño industrial _935912 |
||
| 700 | 1 |
_aEsqueda Huerta, Luis Héctor, _etraductor _935913 |
|
| 942 |
_2lcc _cB _n1 |
||
| 999 |
_c21220 _d21220 |
||